00775cam a22002531 4500001001300000003000400013005001700017008004100034010001700075025002000092035001900112040002000131042001200151050002000163082001400183100004100197245009900238250001400337260004600351300002700397651004200424651003800466999001700504sa 66003840 DLC20260227112239.0780922s1965 ii a 000 0 eng  asa 66003840  aPL480 :I-E-5470 a(OCoLC)4244374 aDLCcNcWsWdDLC apremarc00aDS480.84b.M315 a329.009541 aMalaviya, H. D.q(Harsh Dev),d1917-14aThe danger of right reactionc[by] H. D. Malaviya. Foreword: K. Kamaraj. Introd.: G. M. Sadiq. a[1st ed.] aNew Delhi,bSocialist congressmanc[1965] a402 p.billus.c22 cm. 0aIndiaxPolitics and governmenty1947- 0aIndiaxEconomic conditionsy1945- c69132d69132